Dobrovoľníctvo v rozvoji produktu mesta Košice ako cieľového miesta cestovného ruchu

Produkt mesta ako cieľového miesta cestovného ruchu. Možnosti využitia dobrovoľníckej práce v rozvoji produktu cestovného ruchu mesta Košice.

Enregistré dans:
Détails bibliographiques
Auteur principal: Elexová, Ľudmila
Autres auteurs: Tomčíková, Martina
Format: Chapitre de livre
Langue:slovaque
Sujets:
Tags: Ajouter un tag
Pas de tags, Soyez le premier à ajouter un tag!

MARC

LEADER 00000naa a2200000 4500
001 0238836
005 20220805073646.3
041 0 |a slo 
044 |a SK 
245 1 0 |a Dobrovoľníctvo v rozvoji produktu mesta Košice ako cieľového miesta cestovného ruchu  |c Ľudmila Elexová, Martina Tomčíková 
520 |a Produkt mesta ako cieľového miesta cestovného ruchu. Možnosti využitia dobrovoľníckej práce v rozvoji produktu cestovného ruchu mesta Košice. 
610 2 0 |a ruch cestovný 
610 2 0 |a politika ruchu cestovného 
610 2 0 |a Slovensko 
610 2 0 |a mestá 
610 2 0 |a dobrovoľníctvo 
100 1 |a Elexová, Ľudmila 
700 1 |a Tomčíková, Martina